[Event "FICS rated blitz game"]
[Site "FICS freechess.org"]
[Date "2018.01.23"]
[Round "?"]
[White "hoelt"]
[Black "solorunningsolo"]
[Result "0-1"]
[WhiteElo "1251"]
[BlackElo "1176"]
[PlyCount "72"]
[EventDate "2018.??.??"]
[EventType "blitz"]

1. e4 e5 2. Nf3 Nc6 3. c3 Nf6 4. d4 exd4 5. Nxd4 Nxd4 6. Qxd4 Ng8 7. Bc4 d6 8.
e5 Bf5 9. Qf4 g6 10. O-O d5 11. Bb5+ c6 12. Ba4 Ne7 13. Nd2 h6 14. Nf3 Bg7 15.
Be3 g5 16. Qb4 Be4 17. Bd4 Bxf3 18. gxf3 O-O 19. Rae1 Nf5 20. e6 Bxd4 21. cxd4
fxe6 22. Rxe6 Kg7 23. Rfe1 Nh4 24. Re7+ Kg6 25. Bc2+ Kh5 26. Bd1 Rxf3 27. R1e3
Qf8 28. Rxf3 Nxf3+ 29. Bxf3+ Qxf3 30. Re3 Qd1+ 31. Kg2 Qg4+ 32. Rg3 Qe4+ 33. f3
Qe2+ 34. Kh3 Qe6+ 35. Rg4 Re8 36. Qe1 Qxe1 {White resigns} 0-1

[Event "FICS rated blitz game"]
[Site "FICS freechess.org"]
[Date "2018.01.23"]
[Round "?"]
[White "Qdal"]
[Black "TempoAhead"]
[Result "0-1"]
[WhiteElo "1425"]
[BlackElo "1794"]
[PlyCount "50"]
[EventDate "2018.??.??"]
[EventType "blitz"]

1. e4 e5 2. Nf3 Nc6 3. c3 f5 4. d4 fxe4 5. Ng5 d5 6. Bb5 exd4 7. c4 Bb4+ 8. Bd2
Qxg5 9. Bxc6+ bxc6 10. Bxb4 Qxg2 11. Qh5+ g6 12. Qe5+ Kf7 13. Qf4+ Bf5 14.
Qxc7+ Kf6 15. Qxc6+ Kg5 16. Rf1 Bh3 17. Nd2 e3 18. O-O-O Nf6 19. Rg1 Rhc8 20.
Rxg2+ Bxg2 21. Qe6 e2 22. Rg1 Kh6 23. Qh3+ Bxh3 24. Nf3 Rxc4+ 25. Kb1 Rxb4 {
White resigns} 0-1

[Event "FICS rated blitz game"]
[Site "FICS freechess.org"]
[Date "2018.01.23"]
[Round "?"]
[White "feroze"]
[Black "laspac"]
[Result "0-1"]
[WhiteElo "1478"]
[BlackElo "1339"]
[PlyCount "57"]
[EventDate "2018.??.??"]
[EventType "blitz"]

1. e4 e5 2. Nf3 Nc6 3. c3 Bc5 4. d4 exd4 5. cxd4 Bb6 6. Nc3 d6 7. h3 Nf6 8. Bc4
O-O 9. O-O h6 10. Re1 a6 11. a3 Bd7 12. b4 Qc8 13. Bf1 Re8 14. e5 dxe5 15. dxe5
Nh7 16. Bd3 Be6 17. Qc2 Nf8 18. Ne4 Bd5 19. Bxh6 gxh6 20. Nf6+ Kg7 21. Nh4 Nxe5
22. Nh5+ Kh8 23. Nf6 Re6 24. Nxd5 Nxd3 25. Qxd3 Ng6 26. Qd2 Kh7 27. Nf5 Nf8 28.
Qxh6+ Rxh6 29. Nde7 {White resigns} 0-1

[Event "FICS rated blitz game"]
[Site "FICS freechess.org"]
[Date "2018.01.23"]
[Round "?"]
[White "proximab"]
[Black "GayanovK"]
[Result "1-0"]
[WhiteElo "2087"]
[BlackElo "1325"]
[PlyCount "85"]
[EventDate "2018.??.??"]
[EventType "blitz"]

1. e4 e5 2. Nf3 Nc6 3. c3 Bc5 4. b4 Bb6 5. b5 Na5 6. d4 exd4 7. cxd4 d6 8. Qa4
Bg4 9. Bd2 c6 10. bxc6 bxc6 11. Be2 Nf6 12. O-O O-O 13. e5 dxe5 14. dxe5 Ne4
15. Qxe4 Be6 16. Ng5 g6 17. Nxe6 fxe6 18. Bxa5 Bxa5 19. Qxc6 Qd4 20. Na3 Qxe5
21. Bg4 Rae8 22. Nc4 Qc7 23. Bxe6+ Kg7 24. Qd5 Bc3 25. Rab1 Rd8 26. Rb7 Rxd5
27. Rxc7+ Kh6 28. Bxd5 a5 29. Ra7 Rd8 30. Rd1 Rb8 31. g3 Rf8 32. Nxa5 Bb4 33.
Nb3 Rd8 34. Kg2 Re8 35. Rb7 Ba3 36. Bf3 Rc8 37. Rd4 Rc2 38. Ra7 Bb2 39. Rh4+
Kg5 40. Be4 Re2 41. Raxh7 Bc3 42. Rf4 Rxa2 43. h4# {Black checkmated} 1-0

[Event "FICS rated blitz game"]
[Site "FICS freechess.org"]
[Date "2018.01.23"]
[Round "?"]
[White "Flyinghooves"]
[Black "freshwater"]
[Result "0-1"]
[WhiteElo "1141"]
[BlackElo "1335"]
[PlyCount "64"]
[EventDate "2018.??.??"]
[EventType "blitz"]

1. e4 e5 2. Nf3 Nc6 3. c3 d6 4. Bc4 h6 5. Qb3 Na5 6. Bxf7+ Ke7 7. Qd5 c6 8. Qd3
Kxf7 9. Nxe5+ Ke8 10. Ng6 Rh7 11. Nxf8 Kxf8 12. e5 Rh8 13. Qf3+ Ke8 14. Qh5+
Kd7 15. Qf7+ Qe7 16. e6+ Kc7 17. Qxe7+ Nxe7 18. O-O Bxe6 19. Re1 Kd7 20. d4 d5
21. Bd2 Nc4 22. Bf4 g5 23. Be5 Nxe5 24. Rxe5 Ng6 25. Nd2 Nxe5 26. dxe5 a5 27.
Rd1 a4 28. Ne4 b6 29. c4 Ke7 30. cxd5 Bxd5 31. Nf6 Ke6 32. Nxd5 cxd5 {White
resigns} 0-1

[Event "FICS rated blitz game"]
[Site "FICS freechess.org"]
[Date "2018.01.23"]
[Round "?"]
[White "climbit"]
[Black "sweetnighter"]
[Result "0-1"]
[WhiteElo "1665"]
[BlackElo "1853"]
[PlyCount "104"]
[EventDate "2018.??.??"]
[EventType "blitz"]

1. e4 e5 2. Nf3 Nc6 3. c3 d5 4. exd5 Qxd5 5. d4 e4 6. Ng5 h6 7. c4 Qf5 8. d5
Ne5 9. Nh3 Nd3+ 10. Bxd3 exd3 11. O-O Bd6 12. Nc3 Ne7 13. Nb5 O-O 14. Nxd6 cxd6
15. Nf4 Ng6 16. Qxd3 Nxf4 17. Qxf5 Ne2+ 18. Kh1 Bxf5 19. Be3 Bd3 20. b3 Nc3 21.
Rfc1 Ne4 22. Rd1 Be2 23. Re1 Bh5 24. f3 Nf6 25. Bf4 Rad8 26. a4 Bg6 27. g4 b6
28. b4 Bd3 29. c5 dxc5 30. bxc5 bxc5 31. d6 c4 32. Rac1 Nd5 33. Bg3 f5 34. gxf5
Rxf5 35. a5 Rxf3 36. Kg2 Re3 37. Rxe3 Nxe3+ 38. Kg1 Nf5 39. Bf4 Nxd6 40. Re1
Ne4 41. Be3 c3 42. Bxa7 c2 43. Be3 Nc3 44. Ra1 Ba6 45. Bc5 Rd1+ 46. Rxd1
cxd1=Q+ 47. Kg2 Qf1+ 48. Kg3 Ne4+ 49. Kg4 Nxc5 50. Kg3 Be2 51. h4 Qf3+ 52. Kh2
Bf1 0-1

[Event "FICS rated blitz game"]
[Site "FICS freechess.org"]
[Date "2018.01.23"]
[Round "?"]
[White "ashups"]
[Black "PeterPygmalion"]
[Result "1-0"]
[WhiteElo "1204"]
[BlackElo "1216"]
[PlyCount "47"]
[EventDate "2018.??.??"]
[EventType "blitz"]

1. e4 e5 2. Nf3 Nc6 3. c3 g6 4. Bb5 Bg7 5. Bxc6 dxc6 6. d4 Bg4 7. O-O exd4 8.
cxd4 Bxd4 9. Nbd2 Nf6 10. Qb3 Bxf3 11. Qxf3 Qe7 12. Nc4 O-O-O 13. e5 Bxe5 14.
Bf4 Bxf4 15. Qxf4 Nd5 16. Qg4+ Kb8 17. Rae1 Qd7 18. Ne5 Qxg4 19. Nxg4 h5 20.
Ne5 Rhg8 21. Nxf7 Nf4 22. Nxd8 Rxd8 23. g3 Nd3 24. Rd1 {Black resigns} 1-0

[Event "FICS rated blitz game"]
[Site "FICS freechess.org"]
[Date "2018.01.23"]
[Round "?"]
[White "lailasbar"]
[Black "ilikeblitz"]
[Result "1-0"]
[WhiteElo "1425"]
[BlackElo "1367"]
[PlyCount "43"]
[EventDate "2018.??.??"]
[EventType "blitz"]

1. e4 e5 2. Nf3 Nc6 3. c3 Nf6 4. Bd3 Be7 5. Bc2 O-O 6. a3 d5 7. d3 Bg4 8. exd5
Nxd5 9. O-O f5 10. Nbd2 Bg5 11. h3 Bxd2 12. Bxd2 Bxf3 13. Qxf3 Qd6 14. Bb3 Kh8
15. Bxd5 Na5 16. b4 Nc6 17. Be3 Ne7 18. Bc5 Qf6 19. Bxb7 Rab8 20. Ba6 e4 21.
dxe4 Nc6 22. Bxf8 {Black resigns} 1-0

[Event "FICS rated blitz game"]
[Site "FICS freechess.org"]
[Date "2018.01.23"]
[Round "?"]
[White "freshwater"]
[Black "TheRealNess"]
[Result "0-1"]
[WhiteElo "1346"]
[BlackElo "1106"]
[PlyCount "52"]
[EventDate "2018.??.??"]
[EventType "blitz"]

1. e4 e5 2. Nf3 Nc6 3. c3 d6 4. a4 Nf6 5. d3 Bg4 6. Be2 Be7 7. b4 Bxf3 8. Bxf3
a6 9. a5 b6 10. Qa4 b5 11. Qc2 O-O 12. O-O Nd7 13. Be3 f5 14. exf5 Rxf5 15.
Bxc6 Rc8 16. d4 Rf6 17. Bg5 Rxf2 18. Bxe7 Rxf1+ 19. Kxf1 Qxe7 20. Bxd7 Qxd7 21.
Nd2 Rf8+ 22. Kg1 exd4 23. cxd4 c5 24. dxc5 dxc5 25. bxc5 Qd4+ 26. Kh1 Qxa1+ {
White resigns} 0-1

[Event "FICS rated blitz game"]
[Site "FICS freechess.org"]
[Date "2018.01.23"]
[Round "?"]
[White "Kolendra"]
[Black "jasib"]
[Result "0-1"]
[WhiteElo "1476"]
[BlackElo "1319"]
[PlyCount "38"]
[EventDate "2018.??.??"]
[EventType "blitz"]

1. e4 e5 2. Nf3 Nc6 3. c3 Be7 4. d4 d6 5. d5 Nb8 6. c4 Nf6 7. Nc3 Bg4 8. h3
Bxf3 9. gxf3 g6 10. Qb3 Qc8 11. h4 Nc6 12. Bh3 Qb8 13. Nb5 a6 14. Nc3 Nd4 15.
Qd1 Nd7 16. Be3 Qd8 17. Bxd4 exd4 18. Qxd4 Ne5 19. f4 Nf3+ {White resigns} 0-1

[Event "FICS rated standard game"]
[Site "FICS freechess.org"]
[Date "2018.01.23"]
[Round "?"]
[White "piaanist"]
[Black "JoeConrad"]
[Result "1-0"]
[WhiteElo "1449"]
[BlackElo "1439"]
[PlyCount "112"]
[EventDate "2018.??.??"]

1. e4 e5 2. Nf3 Nc6 3. c3 d6 4. Bc4 Bg4 5. h3 Bxf3 6. Qxf3 Qf6 7. Be2 g6 8. O-O
Bg7 9. Qd3 Nge7 10. Qc2 d5 11. Qb3 dxe4 12. Qxb7 O-O 13. Bb5 Na5 14. Qxe4 c6
15. Bd3 Nf5 16. Be2 Nb7 17. d4 Nfd6 18. Qxc6 Rab8 19. dxe5 Qxe5 20. Bf3 Rfc8
21. Qa4 a5 22. Be3 Ra8 23. Nd2 h5 24. Rfe1 Rc7 25. Bd4 Qb5 26. Qxb5 Nxb5 27.
Bxg7 Kxg7 28. Nb3 a4 29. Nd4 N5d6 30. Nc6 Rac8 31. Ne5 a3 32. bxa3 Rxc3 33.
Rab1 Nc5 34. Red1 Nf5 35. Rb5 Rxa3 36. Rd5 Ne6 37. Rd7 Rf8 38. Rbb7 Rxa2 39.
Nxf7 Kf6 40. g4 hxg4 41. hxg4 Nh4 42. Bd5 Ra1+ 43. Kh2 Rh8 44. Kg3 Ra3+ 45. f3
Nxf3 46. Bxf3 g5 47. Rb6 Re8 48. Nd6 Re7 49. Ne4+ Kf7 50. Rxe7+ Kxe7 51. Rb5
Nd4 52. Rb7+ Kd8 53. Nd2 Ne2+ 54. Kf2 Nd4 55. Be4 Ra2 56. Ke3 Kc8 {Black
resigns} 1-0

[Event "FICS rated standard game"]
[Site "FICS freechess.org"]
[Date "2018.01.23"]
[Round "?"]
[White "piaanist"]
[Black "Cantabrico"]
[Result "1-0"]
[WhiteElo "1416"]
[BlackElo "1346"]
[PlyCount "103"]
[EventDate "2018.??.??"]

1. e4 e5 2. Nf3 Nc6 3. c3 Bc5 4. g3 a6 5. Bg2 d6 6. d4 exd4 7. cxd4 Bb4+ 8. Bd2
Bxd2+ 9. Qxd2 Nf6 10. Nc3 O-O 11. Rd1 Bg4 12. Qf4 Bxf3 13. Qxf3 Re8 14. Qd3 Ne7
15. Rd2 Ned5 16. O-O Nxc3 17. Qxc3 Nd7 18. f4 c6 19. f5 Nf6 20. e5 dxe5 21.
dxe5 Nd5 22. Qd4 Nb4 23. Qxd8 Raxd8 24. Rxd8 Rxd8 25. a3 Nc2 26. Rf2 Ne1 27.
Kf1 Nd3 28. Rd2 c5 29. b3 b5 30. Bb7 a5 31. Ba6 c4 32. bxc4 bxc4 33. Bxc4 h6
34. Rxd3 Rc8 35. Bb3 Rc1+ 36. Ke2 Ra1 37. Bd5 Rb1 38. h4 Rb5 39. Ke3 a4 40. e6
fxe6 41. Bxe6+ Kh8 42. g4 Re5+ 43. Kf4 Re1 44. Bd7 Rf1+ 45. Kg3 Rg1+ 46. Kh3
Rh1+ 47. Kg3 Rg1+ 48. Kf3 Rh1 49. h5 Rh3+ 50. Ke4 Rh4 51. Kf4 Rxg4+ 52. Kxg4
1-0

[Event "FICS rated blitz game"]
[Site "FICS freechess.org"]
[Date "2018.01.23"]
[Round "?"]
[White "morts"]
[Black "sdarjee"]
[Result "0-1"]
[WhiteElo "1133"]
[BlackElo "1196"]
[PlyCount "44"]
[EventDate "2018.??.??"]
[EventType "blitz"]

1. e4 e5 2. Nf3 Nc6 3. c3 d5 4. exd5 Qxd5 5. c4 Qd8 6. Be2 e4 7. Ng1 f5 8. Nc3
Nf6 9. f3 exf3 10. Nxf3 Be7 11. O-O O-O 12. Kh1 Bc5 13. b3 a6 14. a4 Ng4 15.
Ba3 Ba7 16. c5 b6 17. h3 bxc5 18. hxg4 fxg4 19. Nh2 Qh4 20. Qe1 g3 21. Rxf8+
Kxf8 22. Nd5 Qxh2# {White checkmated} 0-1

[Event "FICS rated blitz game"]
[Site "FICS freechess.org"]
[Date "2018.01.23"]
[Round "?"]
[White "feroze"]
[Black "cvanand"]
[Result "1-0"]
[WhiteElo "1466"]
[BlackElo "1411"]
[PlyCount "39"]
[EventDate "2018.??.??"]
[EventType "blitz"]

1. e4 e5 2. Nf3 Nc6 3. c3 Nf6 4. d4 exd4 5. e5 Nd5 6. cxd4 d6 7. Nc3 Nxc3 8.
bxc3 dxe5 9. Bc4 Be7 10. Be3 Bg4 11. Qb3 O-O 12. Nxe5 Nxe5 13. dxe5 b6 14. Bd5
Rb8 15. f3 Bh5 16. Rd1 Qc8 17. Bc6 Bh4+ 18. g3 Be7 19. O-O Qh3 20. Bd7 {
Black resigns} 1-0

[Event "FICS rated standard game"]
[Site "FICS freechess.org"]
[Date "2018.01.23"]
[Round "?"]
[White "koadjao"]
[Black "artrais"]
[Result "0-1"]
[WhiteElo "1729"]
[BlackElo "1700"]
[PlyCount "110"]
[EventDate "2018.??.??"]

1. e4 e5 2. Nf3 Nc6 3. c3 Bc5 4. d4 exd4 5. cxd4 Bb6 6. Nc3 Nf6 7. h3 O-O 8.
Bg5 h6 9. Bh4 g5 10. Bg3 Nh5 11. Bh2 d6 12. Bb5 Nf4 13. Bxf4 gxf4 14. Qd2 Qf6
15. O-O-O Bd7 16. a3 a6 17. Bc4 Na5 18. Ba2 Rae8 19. Rde1 Nc6 20. Nd5 Qg7 21.
Nxb6 cxb6 22. Qxf4 Rc8 23. Kb1 Nxd4 24. Qxd6 Nxf3 25. gxf3 Kh8 26. Qxd7 Qf6 27.
Qd3 Rcd8 28. Qc3 Qxc3 29. bxc3 Rd3 30. Re3 Rfd8 31. Rhe1 Kg7 32. Bc4 Rd1+ 33.
Rxd1 Rxd1+ 34. Kc2 Ra1 35. Kb2 Rh1 36. f4 Rh2 37. Rf3 b5 38. Bd5 b6 39. c4 bxc4
40. Bxc4 f6 41. Bxa6 h5 42. f5 Kh6 43. Kc3 Kg5 44. Kd3 Kh4 45. Kd4 Rxh3 46.
Rxh3+ Kxh3 47. Bb7 Kg4 48. Kc4 h4 49. Kb5 h3 50. Kxb6 h2 51. a4 h1=Q 52. a5
Qb1+ 53. Kc5 Qxb7 54. Kd6 Qa6+ 55. Ke7 Kg5 0-1

[Event "FICS rated standard game"]
[Site "FICS freechess.org"]
[Date "2018.01.23"]
[Round "?"]
[White "FyFazan"]
[Black "RUPESHDAFTARY"]
[Result "0-1"]
[WhiteElo "1661"]
[BlackElo "1667"]
[PlyCount "50"]
[EventDate "2018.??.??"]

1. e4 e5 2. Nf3 Nc6 3. c3 a6 4. d4 d6 5. d5 Nb8 6. Nbd2 Bg4 7. Be2 Bxf3 8. Nxf3
Nd7 9. Bg5 Ngf6 10. Qb3 Rb8 11. Qa4 Be7 12. O-O O-O 13. Rad1 h6 14. Be3 b5 15.
Qxa6 Nxe4 16. Bxb5 Ndc5 17. Bxc5 Nxc5 18. Qc6 Rb6 19. Qxc5 dxc5 20. Ba4 Qa8 21.
b3 Rd8 22. Nxe5 Bd6 23. Nc6 Re8 24. c4 Rf8 25. Ne7+ Bxe7 {White resigns} 0-1

[Event "FICS rated blitz game"]
[Site "FICS freechess.org"]
[Date "2018.01.23"]
[Round "?"]
[White "Kolendra"]
[Black "Narince"]
[Result "1-0"]
[WhiteElo "1465"]
[BlackElo "1356"]
[PlyCount "31"]
[EventDate "2018.??.??"]
[EventType "blitz"]

1. e4 e5 2. Nf3 Nc6 3. c3 Bc5 4. d4 exd4 5. cxd4 Bb4+ 6. Nc3 d6 7. d5 Bxc3+ 8.
bxc3 Ne5 9. Nxe5 dxe5 10. Ba3 Ne7 11. Bc4 O-O 12. Qf3 f5 13. d6+ Kh8 14. dxe7
fxe4 15. Qxe4 Rf4 16. exd8=Q+ {Black resigns} 1-0

[Event "FICS rated blitz game"]
[Site "FICS freechess.org"]
[Date "2018.01.23"]
[Round "?"]
[White "montanya"]
[Black "Pionsakti"]
[Result "1-0"]
[WhiteElo "1459"]
[BlackElo "1485"]
[PlyCount "45"]
[EventDate "2018.??.??"]
[EventType "blitz"]

1. e4 e5 2. Nf3 Nc6 3. c3 h6 4. Qa4 b6 5. Bb5 Bb7 6. b4 a6 7. Bxc6 Bxc6 8. Qb3
d6 9. Bb2 Nf6 10. d3 Be7 11. a4 O-O 12. Nbd2 d5 13. Nxe5 Bb7 14. f3 Bd6 15. d4
dxe4 16. fxe4 Nxe4 17. Nxe4 Bxe4 18. O-O Qg5 19. Rf2 Bxe5 20. dxe5 Qxe5 21. Re1
Kh8 22. c4 f5 23. Bxe5 {Black resigns} 1-0

[Event "FICS rated blitz game"]
[Site "FICS freechess.org"]
[Date "2018.01.23"]
[Round "?"]
[White "Grigoleit"]
[Black "mjmonday"]
[Result "1-0"]
[WhiteElo "1182"]
[BlackElo "1187"]
[PlyCount "50"]
[EventDate "2018.??.??"]
[EventType "blitz"]

1. e4 e5 2. Nf3 Nc6 3. c3 Nf6 4. Qc2 d6 5. Bb5 Bd7 6. d4 h6 7. Bxc6 bxc6 8.
dxe5 dxe5 9. Nxe5 Be7 10. O-O O-O 11. Rd1 Qe8 12. Nd2 Bc5 13. Nxd7 Nxd7 14. Nf3
Ne5 15. Nxe5 Qxe5 16. b4 Bd6 17. f4 Qh5 18. Be3 f5 19. e5 Be7 20. Rd7 Bh4 21.
g3 Bxg3 22. hxg3 Qf3 23. Qf2 Qe4 24. Rd4 Qxd4 25. Bxd4 Rad8 {Black resigns} 1-0

[Event "FICS rated blitz game"]
[Site "FICS freechess.org"]
[Date "2018.01.23"]
[Round "?"]
[White "Kjosavik"]
[Black "cyranodebergerac"]
[Result "1-0"]
[WhiteElo "1485"]
[BlackElo "1389"]
[PlyCount "87"]
[EventDate "2018.??.??"]
[EventType "blitz"]

1. e4 e5 2. Nf3 Nc6 3. c3 Bc5 4. Bb5 a6 5. Bxc6 dxc6 6. Nxe5 Qe7 7. Nd3 Qxe4+
8. Qe2 Qxe2+ 9. Kxe2 Ba7 10. Re1 Be6 11. Nf4 Nf6 12. Nxe6 fxe6 13. Kf1 Kf7 14.
d4 Rhe8 15. Bf4 Bb6 16. Na3 Nd5 17. Bg3 c5 18. Nc4 cxd4 19. Nxb6 cxb6 20. cxd4
Rad8 21. Rac1 Rd7 22. Be5 b5 23. Re4 Nb4 24. a3 Nc6 25. Rf4+ Kg8 26. Ke2 Red8
27. Ke3 Nxe5 28. dxe5 Rd3+ 29. Ke2 Rd2+ 30. Ke1 Rxb2 31. Rc7 Ra2 32. Rff7 Ra1+
33. Ke2 Ra2+ 34. Kf3 Rxa3+ 35. Kg4 Rd4+ 36. f4 Raa4 37. Rxg7+ Kf8 38. Rgf7+ Ke8
39. Rxb7 h5+ 40. Kg5 h4 41. g3 hxg3 42. hxg3 Rd8 43. Rh7 Ra8 44. Rh8# {Black
checkmated} 1-0

[Event "FICS unrated standard game"]
[Site "FICS freechess.org"]
[Date "2018.01.23"]
[Round "?"]
[White "valilov"]
[Black "arturalex"]
[Result "1-0"]
[WhiteElo "1568"]
[BlackElo "1636"]
[PlyCount "54"]
[EventDate "2018.??.??"]

1. e4 e5 2. Nf3 Nc6 3. c3 Bc5 4. a3 Nf6 5. d4 exd4 6. cxd4 Bb6 7. d5 Ne7 8. Bd3
d6 9. O-O O-O 10. b4 a5 11. b5 Bg4 12. a4 Ng6 13. Qc2 Ne5 14. Nxe5 dxe5 15. Be3
Bxe3 16. fxe3 Qd7 17. Na3 b6 18. Rfe1 h5 19. h3 Bxh3 20. gxh3 Qxh3 21. Qg2 Qd7
22. Nc4 Rae8 23. Rf1 h4 24. Rxf6 h3 25. Qg3 g6 26. Rf2 Kg7 27. Rh2 Rh8 {
Black resigns} 1-0

[Event "FICS rated blitz game"]
[Site "FICS freechess.org"]
[Date "2018.01.23"]
[Round "?"]
[White "feroze"]
[Black "Eisbader"]
[Result "1-0"]
[WhiteElo "1459"]
[BlackElo "1408"]
[PlyCount "49"]
[EventDate "2018.??.??"]
[EventType "blitz"]

1. e4 e5 2. Nf3 Nc6 3. c3 f5 4. Qa4 Nf6 5. Bb5 fxe4 6. Bxc6 bxc6 7. Nxe5 Be7 8.
Qc4 d5 9. Qxc6+ Bd7 10. Nxd7 Nxd7 11. Qxd5 Rc8 12. O-O c6 13. Qxe4 O-O 14. Re1
Bc5 15. d4 Bd6 16. Qe6+ Kh8 17. Qxd6 Qh4 18. Be3 Nf6 19. Nd2 Ng4 20. Qg3 Qh5
21. h3 Nh6 22. Nf3 Nf5 23. Qg4 Qf7 24. Ne5 Qf6 25. Bg5 {Black resigns} 1-0

[Event "FICS rated blitz game"]
[Site "FICS freechess.org"]
[Date "2018.01.23"]
[Round "?"]
[White "franguly"]
[Black "JunnuK"]
[Result "1-0"]
[WhiteElo "1343"]
[BlackElo "1441"]
[PlyCount "22"]
[EventDate "2018.??.??"]
[EventType "blitz"]

1. e4 e5 2. Nf3 Nc6 3. c3 Bc5 4. d4 exd4 5. cxd4 Bb4+ 6. Nc3 Nf6 7. Bd3 O-O 8.
Qc2 d5 9. e5 Ne4 10. Bxe4 dxe4 11. Qxe4 f5 {Black resigns} 1-0

[Event "FICS rated blitz game"]
[Site "FICS freechess.org"]
[Date "2018.01.23"]
[Round "?"]
[White "RoyMund"]
[Black "amite"]
[Result "0-1"]
[WhiteElo "1510"]
[BlackElo "1491"]
[PlyCount "108"]
[EventDate "2018.??.??"]
[EventType "blitz"]

1. e4 e5 2. Nf3 Nc6 3. c3 d6 4. d4 exd4 5. cxd4 Nf6 6. Bg5 Be7 7. Bb5 Bd7 8.
O-O a6 9. Bc4 h6 10. Bxf6 Bxf6 11. e5 dxe5 12. dxe5 Be7 13. Nc3 O-O 14. Nd5 Bg4
15. a3 Nxe5 16. Nxe7+ Qxe7 17. Qb3 Bxf3 18. gxf3 Nxf3+ 19. Qxf3 b5 20. Bd5 Rad8
21. Bb7 a5 22. Bc6 Rd6 23. Bxb5 Qg5+ 24. Qg3 Qxb5 25. Kh1 Qxb2 26. Rfb1 Qd4 27.
Qg2 Rg6 28. Qf3 Rd8 29. Rd1 Qf6 30. Qxf6 Rxd1+ 31. Rxd1 Rxf6 32. Rd7 Rxf2 33.
Rxc7 Ra2 34. Rc3 Kf8 35. h3 Ke7 36. Kg1 Kd6 37. Kf1 f5 38. Ke1 g5 39. Kd1 Kd5
40. Kc1 Kd4 41. Rb3 Kc4 42. Rf3 f4 43. Kb1 Rh2 44. Ka1 Kd4 45. Kb1 Ke4 46. Rb3
Rd2 47. Rb5 Rd5 48. a4 Rxb5+ 49. axb5 Kd5 50. Kc2 Kc5 51. Kb3 Kxb5 52. Kc3 Kc5
53. Kd3 Kd5 54. Kc3 Ke4 0-1

[Event "FICS rated blitz game"]
[Site "FICS freechess.org"]
[Date "2018.01.23"]
[Round "?"]
[White "bakonyi"]
[Black "txbeda"]
[Result "1-0"]
[WhiteElo "2034"]
[BlackElo "1988"]
[PlyCount "38"]
[EventDate "2018.??.??"]
[EventType "blitz"]

1. e4 e5 2. Nf3 Nc6 3. c3 d5 4. Qa4 dxe4 5. Nxe5 Qd5 6. Nxc6 bxc6 7. d4 exd3 8.
Bxd3 Qxd3 9. Qxc6+ Kd8 10. Qxa8 Nf6 11. Qf3 Qb5 12. a4 Qc4 13. Nd2 Qe6+ 14. Qe2
Qd6 15. O-O Ba6 16. Nc4 Qc6 17. b3 Bd6 18. Bg5 Re8 19. Bxf6+ gxf6 {Black
resigns} 1-0

[Event "FICS rated blitz game"]
[Site "FICS freechess.org"]
[Date "2018.01.23"]
[Round "?"]
[White "feroze"]
[Black "IchderHaTu"]
[Result "1-0"]
[WhiteElo "1467"]
[BlackElo "1255"]
[PlyCount "63"]
[EventDate "2018.??.??"]
[EventType "blitz"]

1. e4 e5 2. Nf3 Nc6 3. c3 Bc5 4. d4 exd4 5. cxd4 Bb4+ 6. Nc3 d6 7. a3 Ba5 8. b4
Bb6 9. Bc4 f6 10. Qb3 Qe7 11. Bxg8 Bxd4 12. Nxd4 Nxd4 13. Qc4 Nc2+ 14. Kf1 c6
15. Bxh7 Rxh7 16. Qg8+ Qf8 17. Qxh7 Nxa1 18. Qg6+ Qf7 19. Qg3 Qc4+ 20. Ne2 Nb3
21. Be3 Qd3 22. f4 Qd1+ 23. Kf2 Qxh1 24. Ng1 Kf7 25. f5 Bd7 26. Bf4 Nd4 27.
Qg6+ Kf8 28. Bxd6+ Kg8 29. Qg3 Re8 30. Qd3 Nb5 31. Qc4+ Kh8 32. Bg3 1-0

[Event "FICS rated blitz game"]
[Site "FICS freechess.org"]
[Date "2018.01.23"]
[Round "?"]
[White "arju"]
[Black "salentie"]
[Result "0-1"]
[WhiteElo "1680"]
[BlackElo "1859"]
[PlyCount "108"]
[EventDate "2018.??.??"]
[EventType "blitz"]

1. e4 e5 2. Nf3 Nc6 3. c3 Nf6 4. d3 d6 5. h3 h6 6. Be3 Be7 7. Nbd2 Be6 8. d4
Bd7 9. a4 a5 10. Qb3 Rb8 11. Bd3 Nh5 12. O-O O-O 13. Be2 Nf4 14. Bxf4 exf4 15.
Bc4 Bf6 16. Rfe1 Qe7 17. Re2 Bg5 18. Rae1 Rfe8 19. e5 Rf8 20. d5 Nxe5 21. Nxe5
dxe5 22. Rxe5 Qd8 23. Nf3 Bf6 24. R5e4 g5 25. Ne5 Bf5 26. R4e2 Qd6 27. Bd3 Bxd3
28. Nxd3 Rbd8 29. c4 b6 30. Re4 Rfe8 31. f3 Rxe4 32. Rxe4 Kg7 33. Qd1 c6 34.
Qe2 cxd5 35. cxd5 Qxd5 36. Nf2 Bd4 37. Kh2 Bxf2 38. Qxf2 Qd2 39. Qxb6 Rd6 40.
Qc5 Rf6 41. Qe5 Qd6 42. Qxa5 Qd7 43. Qc3 Kg6 44. b4 Rc6 45. Rc4 Rxc4 46. Qxc4
Qxa4 47. Qe4+ Kg7 48. Qe5+ f6 49. Qc5 Qd1 50. b5 Qe1 51. b6 Qf2 52. Qxf2 h5 53.
Qb2 Kg6 54. b7 g4 0-1

[Event "FICS rated standard game"]
[Site "FICS freechess.org"]
[Date "2018.01.23"]
[Round "?"]
[White "proximab"]
[Black "LEKINA"]
[Result "1-0"]
[WhiteElo "2176"]
[BlackElo "1807"]
[PlyCount "89"]
[EventDate "2018.??.??"]

1. e4 e5 2. Nf3 Nc6 3. c3 d5 4. Qa4 dxe4 5. Nxe5 Bd7 6. Nxd7 Qxd7 7. Qxe4+ Be7
8. Bb5 Nf6 9. Qc4 O-O 10. d4 a6 11. Bxc6 bxc6 12. O-O Bd6 13. h3 Ne4 14. Nd2
Nxd2 15. Bxd2 Rab8 16. b4 a5 17. bxa5 Rb2 18. Qd3 Re8 19. c4 Bb4 20. Bc1 Rbe2
21. Be3 Rb2 22. a6 c5 23. Bc1 Rbe2 24. Be3 cxd4 25. Qxe2 dxe3 26. fxe3 Bc5 27.
Rf3 Qe6 28. Kh1 Qxa6 29. Qd3 Qe6 30. Re1 Bd6 31. Qd5 Qe7 32. Ref1 Rf8 33. e4
Be5 34. Rf5 Bd6 35. c5 Bg3 36. R1f3 Bh4 37. Rf1 Bf6 38. e5 Bg5 39. c6 g6 40.
R5f3 Qd8 41. Qb3 Qe7 42. R3f2 Kg7 43. Qd5 f6 44. exf6+ Bxf6 45. Qd7 1-0

[Event "FICS rated blitz game"]
[Site "FICS freechess.org"]
[Date "2018.01.23"]
[Round "?"]
[White "zbobi"]
[Black "Orienteer"]
[Result "1-0"]
[WhiteElo "1560"]
[BlackElo "1463"]
[PlyCount "33"]
[EventDate "2018.??.??"]
[EventType "blitz"]

1. e4 e5 2. Nf3 Nc6 3. c3 Nf6 4. d3 h6 5. Be2 Bc5 6. a3 a6 7. O-O O-O 8. c4 d6
9. Nc3 Be6 10. b4 Ba7 11. Nd5 Bxd5 12. cxd5 Nd4 13. Nxd4 Bxd4 14. Rb1 Qd7 15.
Bb2 Bxb2 16. Rxb2 Qa4 17. Qxa4 {Black resigns} 1-0

[Event "FICS unrated blitz game"]
[Site "FICS freechess.org"]
[Date "2018.01.23"]
[Round "?"]
[White "Grovergdb"]
[Black "Andinn"]
[Result "1-0"]
[WhiteElo "1118"]
[BlackElo "917"]
[PlyCount "93"]
[EventDate "2018.??.??"]
[EventType "blitz"]

1. e4 e5 2. Nf3 Nc6 3. c3 d6 4. h3 Be6 5. d4 Be7 6. d5 Bc8 7. dxc6 b6 8. b4 Be6
9. a4 h6 10. b5 g5 11. Be3 Qc8 12. Nfd2 g4 13. h4 g3 14. fxg3 Bg4 15. Be2 h5
16. O-O Bh3 17. gxh3 Qxh3 18. Bf3 Qxg3+ 19. Bg2 Qxe3+ 20. Kh1 Bxh4 21. Nf3 Qf4
22. Nd4 Nf6 23. Rxf4 exf4 24. Nf5 Bf2 25. Ng7+ Kd8 26. e5 Ke7 27. exf6+ Kxf6
28. Qf3 Bh4 29. Qh3 Kxg7 30. Qxh4 Rhe8 31. Nd2 Re2 32. Nf3 Rae8 33. Qg5+ Kf8
34. Qh6+ Ke7 35. Qxf4 Rg8 36. Bh3 Re6 37. Nd4 Reg6 38. Nf5+ Kf8 39. Nh4 Kg7 40.
Nxg6 fxg6 41. Rg1 Rf8 42. Qd4+ Kg8 43. Bg4 hxg4 44. Rxg4 Rf1+ 45. Kg2 Rf5 46.
Rxg6+ Kh7 47. Qg7# {Black checkmated} 1-0